Estimating housing need (Record no. 111555)
[ view plain ]
| 000 -LEADER | |
|---|---|
| fixed length control field | 01225cad a22002775a 4500 |
| 001 - CONTROL NUMBER | |
| control field | L151707 |
| 008 - FIXED-LENGTH DATA ELEMENTS--GENERAL INFORMATION | |
| fixed length control field | 101203s2010 xxk f 000 0 eng d |
| 020 ## - INTERNATIONAL STANDARD BOOK NUMBER | |
| International Standard Book Number | 9781409826262 |
| 035 ## - SYSTEM CONTROL NUMBER | |
| System control number | (Sirsi) u151707 |
| 041 0# - LANGUAGE CODE | |
| Language code of text/sound track or separate title | eng |
| 050 04 - LIBRARY OF CONGRESS CALL NUMBER | |
| Classification number | 306.1 $2 18 |
| 100 1# - MAIN ENTRY--PERSONAL NAME | |
| Personal name | Bramley, Glen |
| 245 00 - TITLE STATEMENT | |
| Title | Estimating housing need |
| Medium | [electronic resources] |
| 260 ## - PUBLICATION, DISTRIBUTION, ETC. | |
| Place of publication, distribution, etc. | London |
| Name of publisher, distributor, etc. | DCLG |
| Date of publication, distribution, etc. | 2010 |
| 505 2# - FORMATTED CONTENTS NOTE | |
| Formatted contents note | Introduction -- Housing need concept and past research -- Incidence and drivers of different needs Housing related support -- Household formation mobility and tenure choice -- Constructing an overall simulationl -- Modelling housing need scenarios -- Overall conclusions |
| 520 ## - SUMMARY, ETC. | |
| Summary, etc. | Uses behavioural models and baseline evidence to produce medium term conditinal forecasts of housing outputs subject to a wide range of user-controlled assumptions or policy input. |
| 590 ## - LOCAL NOTE (RLIN) | |
| Local note | KA |
| 651 #4 - SUBJECT ADDED ENTRY--GEOGRAPHIC NAME | |
| Geographic name | England |
| Chronological subdivision | 886- |
| 690 ## - LOCAL SUBJECT ADDED ENTRY--TOPICAL TERM (OCLC, RLIN) | |
| Topical term or geographic name as entry element | Residential property |
| 9 (RLIN) | 6266 |
| 700 1# - ADDED ENTRY--PERSONAL NAME | |
| Personal name | Pawson, Hal |
| 700 1# - ADDED ENTRY--PERSONAL NAME | |
| Personal name | White, Michael |
| 700 1# - ADDED ENTRY--PERSONAL NAME | |
| Personal name | Watkins, David |
| 700 1# - ADDED ENTRY--PERSONAL NAME | |
| Personal name | Pleace, Nicholas |
| 856 40 - ELECTRONIC LOCATION AND ACCESS | |
| Uniform Resource Identifier | <a href="https://www.communities.gov.uk/documents/housing/pdf/1776873.pdf">https://www.communities.gov.uk/documents/housing/pdf/1776873.pdf</a> |
| Public note | View this item free of charge at www.communities.gov.uk |
| 942 ## - ADDED ENTRY ELEMENTS (KOHA) | |
| Suppress in OPAC | 0 |
| Withdrawn status | Lost status | Source of classification or shelving scheme | Damaged status | Not for loan | Home library | Current library | Shelving location | Date acquired | Total Checkouts | Full call number | Barcode | Date last seen | Copy number | Price effective from | Koha item type |
|---|---|---|---|---|---|---|---|---|---|---|---|---|---|---|---|
| Dewey Decimal Classification | Virtual | Virtual | Online | 03/12/2010 | ONLINE PUBLICATION | 151707-2001 | 06/08/2019 | 1 | 06/08/2019 | Book |